Statistics for Oldest Canadian Cities

Click here to take the quiz!

General Stats

  • This quiz has been taken 26 times
  • The average score is 18 of 33

Answer Stats

SettledCity% Correct
1793Toronto
96%
1642Montreal
92%
1826Ottawa
88%
1631Saint John
88%
1583St. John's
88%
1867Vancouver
88%
1749Halifax
85%
1608Quebec City
85%
1875Calgary
81%
1843Victoria
81%
1795Edmonton
77%
1882Regina
77%
1732Fredericton
73%
1826London
69%
1883Saskatoon
69%
1764Charlottetown
62%
1815Hamilton
58%
1634Trois-Rivières
54%
1749Windsor
50%
1800Gatineau
38%
1673Kingston
38%
1833Kitchener
38%
1836Oshawa
38%
1793Sherbrooke
38%
1881Moose Jaw
27%
1840Summerside
27%
1866Prince Albert
19%
1696Rimouski
19%
1882Brandon
15%
1882Swift Current
12%
1882Yorkton
12%
1785North Battleford
8%
1875Humboldt
4%

Score Distribution

Percentile by Number Answered

Percent of People with Each Score

Your Score History

You have not taken this quiz